000
00255nam a2200097Ia 4500
001
1300548
005
20260420095906.0
008
260420s9999 xx 000 0 und d
245
0
_a
BİTKİLER NASIL BÜYÜR?
_c
EMMA HELBROUGH
260
_b
TÜBİTAK YAYINLARI
999
_c
1300548
_d
1300548